[Event "ISR-ch"]
[Site "Jerusalem"]
[Date "1996.??.??"]
[Round "8"]
[White "Gruenfeld, Yehuda"]
[Black "Shabtai, Ran"]
[Result "0-1"]
[WhiteElo "2510"]
[BlackElo "2325"]
[Annotator "Tsesarsky,I"]
[PlyCount "84"]
[EventDate "1996.10.26"]
[EventType "swiss"]
[EventRounds "9"]
[EventCountry "ISR"]
[SourceTitle "CBM 056"]
[Source "ChessBase"]
[SourceDate "1997.02.01"]
[SourceVersion "1"]
[SourceVersionDate "1997.02.01"]
[SourceQuality "1"]

1. e4 e5 2. Nc3 Nf6 3. Nf3 Nc6 4. Bb5 Nd4 5. Ba4 c6 6. Nxe5 d6 7. Nf3 Bg4 8. d3
d5 9. Be3 (9. O-O dxe4 10. dxe4 (10. Re1 Bxf3 11. gxf3 Qa5 12. fxe4 Bb4 13. Bd2
$1 $16) 10... Bxf3 11. gxf3 b5 12. Bb3 Bc5 13. e5 {~/= Nunn,J-Kristensen,B/
Vejle 60/(315) 1994} (13. e5 Nd7 $44 {Blatny,P} 14. f4 Qh4 15. Be3 Nxb3 16.
axb3 Bxe3 17. fxe3 $16 {Tsesarsky})) (9. exd5 Nxd5 10. Nxd4 $2 (10. O-O Bxf3 (
10... Be7 11. Be3 Nxf3+ 12. gxf3 Nxc3 13. bxc3 Bh3 14. Re1 Qa5 15. Bb3 Qxc3 16.
Qd2 (16. Bg5 f6 17. Qe2 Qc5 18. Bf4 (18. Be3 Qe5 19. Bf4 Qxe2 20. Rxe2 Kd7 $15)
18... Rd8 19. d4 Qa3 20. d5 cxd5 21. Rad1 $16) 16... Qxd2 17. Bxd2 $11) 11.
gxf3 Bb4 12. Re1+ Ne6 13. Bd2 Nxc3 14. bxc3 (14. Bxc3 Bxc3 15. bxc3 Qg5+ 16.
Kh1 O-O-O $44) 14... Bd6 15. Re4 $14) 10... Bxd1 11. Nxc6 Nxc3 12. Nxd8+ Nxa4
13. Nxf7 Kxf7 14. Kxd1 Rd8 15. Re1 Bc5 16. Re4 Rd4 17. f3 Rxe4 18. fxe4 Ke6 19.
c3 Rf8 20. d4 Rf2 $1 $17 {0-1 Nijboer,F-Fernandez Garcia,J/Linares zt (11) ;
CBM 51 1995 (32)}) 9... Nxf3+ 10. gxf3 Bh5 11. exd5 (11. Bd4 dxe4 12. dxe4 Bxf3
13. Qxf3 Qxd4 $10 {Onischuk,Al; Malaniuk,V}) 11... Nxd5 12. Qe2 (12. Ne4 f5 $1
(12... Nxe3 13. fxe3 Qb6 14. d4 Qxb2 15. O-O Qa3 16. Bb3 O-O-O $132) 13. Ng3 f4
14. Nxh5 fxe3 15. O-O $8 Qh4 {[%csl Ra4,Rh5]} (15... exf2+ 16. Rxf2 $1 Bc5 17.
d4 Ne3 18. Qd3 Qxd4 19. Qxd4 Bxd4 20. c3 Bb6 21. Kh1 $15) 16. f4 O-O-O 17. Qf3
(17. fxe3 Nxe3 18. Qe1 Qxh5 $19) 17... exf2+ 18. Kh1 Bc5 19. Nxg7 (19. Bb3 g5
$1 20. Bxd5 $8 Rxd5 21. Nf6 Rf5 22. Ne4 Rxf4 23. Qg3 (23. Qe2 Re8 $1 24. Nd6+
Bxd6 25. Qxe8+ Kc7 $19) 23... Bb6 24. c3 Rhf8 (24... h6 $5) 25. Nxg5 Rg8 26.
Qxh4 Rxh4 {= Bologan,V-Malaniuk,V/Nikolaev (zt) 63/(272) 1995} (26... Rxh4 27.
Nf3 $17)) 19... Qxf4 20. Qh3+ Kb8 21. Ne6 Qxa4 22. Nxc5 Qxc2 23. Qg3+ Ka8 24.
Qxf2 Qxf2 25. Rxf2 $11 Nb4 26. Rf7 Nxd3 27. Nxb7 Rd5 28. Rg1 Rb5 29. Rgg7 $14)
12... Be7 (12... Nxc3 13. bxc3 Be7 14. Bc5 $16) 13. Bb3 $5 $146 (13. Bc5 O-O
14. Bxe7 Nxe7 (14... Qxe7 15. Nxd5 $16) 15. O-O-O Nd5 (15... Ng6 16. Rhg1 $16)
16. Qe5 $1 Bxf3 (16... Nxc3 17. bxc3 Bxf3 18. Rhg1 g6 19. Rde1 $16) 17. Rhg1 g6
(17... f6 $4 18. Qg3 $18) 18. Rde1 $2 (18. Nxd5 $5 Qxd5 19. Qxd5 Bxd5 20. c4
Bf3 21. Rde1 Rfe8 22. Kd2 $16) 18... Re8 $10 {= Daniliuk,S-Ulak,S/Litomysl 65/
(310) 1995}) 13... Nxc3 14. bxc3 Qa5 15. Bd4 O-O-O $1 {[%cal Rd8d4]} 16. Qe5 $8
Qxe5+ 17. Bxe5 Rhe8 $6 (17... Rde8 $1 {Now f6 is possible!} 18. Kd2 Bxf3 19.
Rhg1 f6 20. Bf4 g5 21. Bg3 h5 22. Be6+ Kd8 23. Rab1 $11) (17... f6 $4 18. Be6+)
18. O-O Bc5 (18... Ba3 $140 $5 19. Rae1 (19. d4 Bb2 $19) 19... f6 $5 (19...
Bxf3 20. Bxf7 Re7 21. Bb3 Rde8 22. d4 Bd6 23. Re3 (23. Bf7 $2 Rxf7 24. Bxd6 Be2
$17) 23... Bxe5 24. Rxf3 (24. dxe5 Bg4 25. Rfe1 (25. f4 $2 g5 $1 26. Kg2 (26.
Rg3 Be2 27. Rxg5 Bxf1 28. Kxf1 a5 (28... Rf8 29. Rg8 Rxg8 30. Bxg8 h5 (30...
Kc7 31. Kf2 Rd7 32. Kf3 $16) 31. Kf2 Kd7 32. Kf3 Rg7 33. Bb3 Rg1 34. f5 Rf1+
35. Ke4 Re1+ 36. Kf4 h4 37. h3 Rg1 38. f6 $16) 29. Rg8 Rxg8 30. Bxg8 b5 31. Kf2
Kd7 32. Kf3 Rg7 $1 {[%csl Rg8]} 33. e6+ Kd6 34. Bf7 Rg1 35. f5 Ke7 $11 {
[%cal Ge7f6]} (35... Rc1 36. Ke4 Rxc2 (36... Ke7 37. Ke5 Re1+ 38. Kd4 Kf6 39.
Kc5 Re2 40. Kxc6 Rxc2 41. Kxb5 Rxa2 42. h4 Rf2 43. Kxa5 Rxf5+ 44. Kb6 Rf4 45.
h5 Rc4 46. Kb5 Rxc3 47. Kb6 h6 48. Kb5 Ke7 49. Kb6 Kd6 50. Kb5 Rc1 51. Kb4 $11)
37. f6 Re2+ (37... Rf2 38. e7 $18) 38. Kf5 Rf2+ 39. Kg5 Rg2+ 40. Kh6 Rxh2+ 41.
Kg7 Re2 42. Kf8 $18)) 26... gxf4 27. Rxf4 h5 28. h3 Bd7 $11 {[%csl Rc2,Rc3,Re5]
}) 25... Bf5 $14 (25... g5 $2 26. Rg3 h5 27. h3 Bf5 28. Rxg5 Bxh3 29. Rxh5 $18)
) 24... Bf6 25. Bc4 $14) 20. Bg3 Kd7 $14) 19. d4 Re7 20. Kg2 (20. Rfe1 Bb6 $5
$14 {[%cal Gb6c7]} (20... Bxf3 $4 21. dxc5 Rde8 22. Re3 $18)) 20... Rde8 $44
21. a4 f6 22. Bg3 Bb6 23. a5 Bc7 24. a6 b6 25. c4 f5 26. Bxc7 $8 (26. Ba4 f4
27. Bxc6 (27. Bh4 g5 $19) 27... Rd8 $1 (27... fxg3 28. Bxe8 Rxe8 29. hxg3 $13)
28. Bb7+ Kb8 29. Bh4 g5 $19) 26... Kxc7 $15 27. d5 f4 $36 28. Ba4 Re5 29. h4 $8
(29. Bxc6 $2 Rg5+ 30. Kh3 Bxf3 31. Bxe8 g6 $1 $19 {[%cal Rg5h5]}) (29. Rg1 Rg5+
30. Kh3 Ree5 31. Rae1 Bxf3 (31... Rxe1 $6 32. Rxg5) 32. Rxe5 Rxg1 (32... Rxe5
33. Rxg7+ Kd6 34. Rxh7 cxd5 $44) 33. Bxc6 g5 $19) 29... g5 30. Bxc6 Rg8 31.
Rfe1 gxh4+ 32. Kh3 Rxe1 33. Rxe1 Bxf3 34. Bb7 (34. Re7+ $5 Kb8 (34... Kd6 35.
Rxh7 (35. Rxa7 Rg1 36. Kxh4 h6 37. Bd7 Rh1+ 38. Bh3 Bg2 39. Rd7+ Ke5 40. Re7+
Kf6 41. Re6+ Kg7 42. Re1 $8 (42. a7 $4 Bxh3 $19) 42... Rxh3+ 43. Kg4 Ra3 44.
Kxf4 (44. Rg1 f3 $19) 44... Kf7 45. Rg1 Bh3 46. Rg3 (46. Rh1 h5 $1) 46... Rxg3
47. fxg3 Bc8 48. a7 (48. Ke5 Bxa6) 48... Bb7 49. Ke5 Ke7 50. g4 Ba8 51. Kf5 Kf7
52. d6 (52. Ke5 $11) 52... Bf3 53. d7 (53. Ke5 Ke8 54. Kd4 Kd7 55. c5 bxc5+ 56.
Kxc5 Ba8 57. Kd4 Kxd6 58. c4 Bc6 $19) 53... Ke7 54. Kg6 Kxd7 55. Kxh6 Kc7 56.
g5 Kb7 57. g6 Be2 58. g7 Bxc4 59. Kh7 Kxa7 60. g8=Q Bxg8+ 61. Kxg8 Kb7 62. Kf7
Kc6 63. Ke7 b5 64. Kd8 b4 65. Kc8 Kc5 66. Kb7 Kc4 67. Kb6 Kc3 68. Kb5 $11)
35... Ke5 $13) 35. Rb7+ Kc8 36. Rxa7 $18) 34... Bg4+ 35. Kxh4 Bf5 36. c3 $4 (
36. Re7+ $1 Kd6 37. Rf7 Ke5 38. Re7+ $8 {!} (38. Rxf5+ Kxf5 39. d6 Ke5 40. d7
Kd6 41. Bc8 Ke7 $19) 38... Kf6 39. d6 $1 $11 {[%cal Gb7h1]} Rg6 40. Kh5 Rg5+ (
40... Rg1 41. Bd5 Rg5+ $11) 41. Kh4) 36... Kd6 $19 {[%csl Rb7,Rf2,Rh4]} 37. Kh5
(37. Bc6 Rg2 38. f3 Rg3 39. Rf1 h6 $19) 37... Rg2 38. Bc6 f3 39. Re3 Bg4+ 40.
Kg5 h5 41. Be8 Rxf2 42. Bxh5 Re2 (42... Re2 43. Rxf3 Bxf3 44. Bxf3 Rc2 $19) 0-1

[Event "RUS-ch"]
[Site "Krasnodar"]
[Date "2002.09.02"]
[Round "7"]
[White "Alavkin, Arseny Nailievich"]
[Black "Geller, Jakov"]
[Result "1-0"]
[WhiteElo "2498"]
[BlackElo "2406"]
[Annotator "Tsesarsky,I"]
[PlyCount "65"]
[EventDate "2002.08.27"]
[EventType "swiss"]
[EventRounds "9"]
[EventCountry "RUS"]
[SourceTitle "CBM 091"]
[Source "ChessBase"]
[SourceDate "2002.11.12"]
[SourceVersion "1"]
[SourceVersionDate "2002.11.12"]
[SourceQuality "1"]

1. e4 e5 2. Nf3 Nc6 3. Bb5 Nf6 4. Nc3 Nd4 5. Ba4 c6 6. Nxe5 d6 7. Nf3 Bg4 8. d3
d5 {Another variations you can find in the game Motylev,A-Grischuk,A} 9. O-O b5
$1 {[%mdl 12] This move is very intersting novelty. Black wasn't satisfied by
opening results in previous games.} (9... dxe4 {-see detailed commented game
1-0 Motylev,A-Grischuk,A/Moscow 2001/CBM 86_03[Tsesarsky,I] (39)}) 10. Bb3 b4
11. Nb1 {The idea of the novelty is to repel Nc3 back to b1 and after
recupture on f3 White will recieve double PPf, and Black's piece play might be
sufficient.} Bd6 $4 $18 {Tragedy. Something was overlooked by Black...} ({
Much better was} 11... Nxb3 12. axb3 dxe4 13. Qe1 $1 (13. dxe4 $6 Qxd1 14. Rxd1
Nxe4 15. Re1 O-O-O $1 16. Rxa7 Bc5 17. Ra8+ Kb7 18. Rxd8 Rxd8 19. Be3 (19. Rxe4
$2 Rd1+ 20. Re1 Bxf3 21. Rxd1 Bxd1 $17) 19... Bxe3 20. fxe3 f6 21. h3 Bc8 22.
c3 c5 23. cxb4 cxb4 24. Nd4 $44) 13... Bd6 (13... Qe7 14. dxe4 Nxe4 15. Nd4 Bd7
16. Nd2 Nf6 17. Nc4 c5 18. Nf3 Qxe1 19. Rxe1+ Be7 20. Nb6 Rd8 21. Rxa7 $16) 14.
dxe4 Bxf3 15. gxf3 O-O 16. f4 Bc5 $44 {Black's novelty is quite strong, and
White should invent something...}) 12. e5 $1 {Black has lost position anyway:}
Bc7 (12... Bxf3 13. gxf3 Bxe5 14. Re1 $18 {[%csl Re5][%cal Ge1e8]}) (12... Bxe5
13. Re1 (13. Qe1 Qe7 14. Nxe5 Ne2+ 15. Kh1 Qxe5 16. Qxb4 $16) 13... Qe7 14. c3
bxc3 15. bxc3 Bxf3 16. gxf3 $18 {[%csl Re5][%cal Ge1e8]}) 13. exf6 O-O (13...
Nxf3+ 14. gxf3 Qd6 15. Re1+ Be6 16. f4 Rg8 17. Kh1 $18) 14. Nbd2 Qd6 15. Re1
Rfe8 16. Re3 Nf5 (16... Nxf3+ 17. Nxf3 Bxf3 18. Qxf3 Qxh2+ 19. Kf1 Qh1+ 20. Ke2
Bb6 21. Qg4 $18) 17. Rxe8+ Rxe8 18. h3 {It was the time to resign...Further
resistance really was unnecessary.} Bh5 19. Nf1 Nd4 20. g4 Ne2+ 21. Kg2 Bg6 22.
Be3 Nf4+ 23. Bxf4 Qxf4 24. Qd2 Qxf6 25. Re1 Re6 26. Rxe6 fxe6 27. Qg5 Qf8 28.
Qe3 Qd6 29. Ng5 e5 30. Qxa7 h6 31. Qa8+ Bb8 32. Ne4 Qc7 33. Nc5 1-0

[Event "WCC cand"]
[Site "Cazorla"]
[Date "1998.05.31"]
[Round "6"]
[White "Shirov, Alexei"]
[Black "Kramnik, Vladimir"]
[Result "1/2-1/2"]
[WhiteElo "2710"]
[BlackElo "2790"]
[Annotator "Tsesarsky,I"]
[PlyCount "36"]
[EventDate "1998.05.24"]
[EventType "match"]
[EventRounds "9"]
[EventCountry "ESP"]
[SourceTitle "CBM 065"]
[Source "ChessBase"]
[SourceDate "1998.08.06"]
[SourceVersion "1"]
[SourceVersionDate "1998.08.06"]
[SourceQuality "1"]

1. e4 e5 2. Nf3 Nf6 3. Nc3 Nc6 4. Bb5 Nd4 5. Bc4 Bc5 6. Nxe5 d5 (6... Qe7 7.
Nf3 (7. Nd3 d5 8. Nxd5 Qxe4+ 9. Ne3 Bb6 10. f3 Qh4+ 11. Nf2 O-O 12. O-O $6
Nxf3+ $1 13. Qxf3 Bxe3 14. Qxe3 $1 Qxc4 $132 {1/2-1/2 Keitlinghaus,L-Blatny,P/
Lazne Bohdanec 1995 (30)}) 7... d5 8. Bxd5 Bg4 9. d3 c6 10. Bb3 Nd7 11. Bg5 $16
{1/2-1/2 Bernstein O-Rubinstein A/Vilna 1912 (22)}) 7. Bxd5 (7. Nxd5 Nxd5 8.
Qh5 (8. Bxd5 Qg5 9. Bxf7+ Ke7 10. Bh5 Qxe5 11. O-O (11. c3 Qxe4+ $19) (11. d3
Nxc2+ $1 12. Qxc2 Qxh5 $17) 11... g6 $17) 8... g6 (8... Nxc2+ 9. Kd1 (9. Kf1 g6
$19) 9... g6 $19) 9. Nxg6 Nxc2+ 10. Kf1 (10. Kd1 Nce3+ $3 11. fxe3 (11. Ke2
Nxc4 $19 12. Nxh8 Nf4+) (11. dxe3 Nf6+ $19) 11... Bg4+ $1 12. Qxg4 Nxe3+ 13.
Ke2 Nxg4 14. Nxh8 Qd4 $19) 10... Qf6 $1 11. f3 (11. Qe5+ Qxe5 12. Nxe5 Nxa1 $19
) (11. Qe2 Nf4 $19 (11... hxg6 12. exd5+ Kf8 $19)) 11... hxg6 12. Qxd5 Rh5 {
0-1 Spangenberg,H-Tkachiev,V/Villa Martelli 1997}) (7. exd5 $1 Qe7 $2 (7... O-O
8. O-O Qd6 9. Re1 Re8 10. Nd3 Bg4 11. Rxe8+ Rxe8 12. Qf1 Nxc2 13. Rb1 Bb6 $17)
8. O-O Bf5 9. d3 (9. Re1 Bxc2 10. Nxf7 Bxd1 11. Rxe7+ Kxe7 12. Nxh8 Bh5 $19)
9... O-O-O 10. Re1 Rhe8 11. Bf4 $16) (7. Bd3 O-O $17) 7... Nxd5 8. Nxd5 (8.
exd5 Qg5 $19) 8... O-O (8... Qg5 {Was recommended by Ilya Tsesarsky in CBM -
60 , but my analyse was wrong...} 9. Nxc7+ $8 (9. d3 Qxg2 10. Nxc7+ Ke7 11.
Nd5+ Kf8 12. Rf1 Bh3 13. Ne3 Nxc2+ 14. Qxc2 Bxe3 15. Qe2 Bd4 16. Nf3 Qxf1+ 17.
Qxf1 Bxf1 18. Kxf1 Bb6 $17) 9... Kf8 (9... Ke7 10. Kf1 (10. O-O Bh3 11. Nd5+
Kf8 12. Ne3 Qxe5 13. c3 $18 (13. gxh3 Bd6 14. f4 Qxe4 15. c3 Ne6 16. d3 $18))
10... Qxe5 11. Nxa8 $16) 10. Kf1 $8 (10. O-O Bh3 11. Nd7+ Bxd7 12. d3 Qg6 13.
Nxa8 Bh3 14. g3 Bg4 15. f3 (15. Be3 Bxd1 16. Raxd1 Qd6 $19) 15... Nxf3+ 16. Kg2
(16. Kh1 Nxh2 $19) 16... Nh4+ 17. Kh1 Bxd1 $19) 10... Qxe5 11. Nxa8 Qxe4 (11...
Qb8 12. c3 Nc6 13. d4 Bd6 14. e5 Be7 15. Bf4 (15. d5 Nxe5) 15... Qxa8 16. d5
$18) 12. d3 Qc6 13. Be3 b6 14. b4 (14. c3 Bb7 15. Rg1 Nf5 16. Bxc5+ bxc5 17.
Qb3 g6 18. Qa3 Kg7 $17) 14... Bb7 15. Rg1 $18) 9. c3 Re8 10. cxd4 Bxd4 11. O-O
(11. Qa4 Bxe5 12. d4 Bd6 $11 (12... c6 13. dxe5 cxd5 $11)) 11... Rxe5 (11...
Bxe5 12. d4 Bxh2+ (12... Bd6 13. Nc3 Qh4 14. e5 $16) 13. Kxh2 Rxe4 14. Ne3 Rxd4
15. Qf3 $16) 12. d3 (12. Nc3 $44) 12... c6 13. Nf4 (13. Nc3 b6 14. Bf4 Re6 15.
Qd2 Ba6 16. Rad1 Qd7 $44) 13... b6 14. Qc2 (14. Qa4 Bb7 (14... b5 15. Qc2 c5
16. Nd5 Bb7 17. Nc3 (17. Bf4 Rxd5 18. exd5 Qxd5 $19) 17... a6 18. Ne2 (18. Bf4
Re8 19. Ne2 c4 20. Rad1 cxd3 21. Rxd3 (21. Qxd3 Bxb2 22. Qb3 Qe7 23. Qxb2 Qxe4
24. f3 Qxe2 $17) 21... Bxe4 22. Nxd4 Qf6 23. g3 (23. Be3 Qg6 $19) 23... Qxd4
24. Rxd4 Bxc2 $11) (18. Be3 Rc8 (18... c4 19. dxc4 Bxe3 20. fxe3 bxc4 21. Rad1
Qg5 22. Qf2 f6 23. Rd4 $16) 19. Rad1 Qh4 20. Ne2 Bxe3 21. fxe3 c4 22. Rf4 Qe7
23. Ng3 cxd3 24. Qxd3 $44) 18... c4 19. Nxd4 (19. dxc4 Bxe4 20. Qd1 Bc5 $44)
19... Qxd4 20. Bf4 Ree8 21. Rad1 cxd3 22. Qxd3 Qxb2 23. f3 Rac8 $11 (23... Qxa2
24. Qd7 $16)) 15. Ne2 Bc5 16. Bf4 Re8 17. Rad1 $14) 14... Rc5 15. Qe2 (15. Qa4
$5) 15... Ba6 16. Be3 Qd6 17. Rac1 $6 (17. Bxd4 Qxd4 18. Rac1 $16) 17... Rxc1
18. Rxc1 Be5 (18... Be5 19. Qd2 Rd8 (19... Bxf4 20. Bxf4 Qxd3 21. Qxd3 Bxd3 22.
Rxc6 Bxe4 $11) 20. Rd1 Bxf4 (20... g5 21. Nh3 Bxh2+ 22. Kh1 g4 (22... h6 23. d4
$16) 23. Nf4 Qh6 24. Nh3 Qg6 25. Kxh2 Rxd3 26. Qe2 gxh3 27. Rg1 Qd6+ 28. f4 Kf8
29. gxh3 Qe6 $132) 21. Bxf4 Qxd3 22. Qxd3 Rxd3 23. Rxd3 Bxd3 24. f3 $11)
1/2-1/2

[Event "Pamplona 9697 7th"]
[Site "Pamplona"]
[Date "1996.??.??"]
[Round "7"]
[White "Ponomariov, Ruslan"]
[Black "Almasi, Zoltan"]
[Result "0-1"]
[WhiteElo "2550"]
[BlackElo "2655"]
[Annotator "Tsesarsky,I"]
[PlyCount "164"]
[EventDate "1996.12.??"]
[EventType "tourn"]
[EventRounds "9"]
[EventCountry "ESP"]
[EventCategory "13"]
[SourceTitle "CBM 057"]
[Source "ChessBase"]
[SourceDate "1997.04.01"]
[SourceVersion "1"]
[SourceVersionDate "1997.04.01"]
[SourceQuality "1"]

1. e4 e5 2. Nf3 Nc6 3. Nc3 Nf6 4. Bb5 Nd4 5. Ba4 c6 6. Nxe5 d6 7. Nf3 Bg4 8. h3
(8. d3 $6 {Tsesarsky} d5 9. Be3 Nxf3+ $1 (9... dxe4 $2 10. Nxe4 Nxe4 11. Bxd4
$16) 10. gxf3 Bh5 11. exd5 (11. Bd2 d4 12. Nb1 Bd6 $44) 11... Nxd5 12. Ne4 $6 (
12. Bb3 Nxc3 13. bxc3 Qf6 $15) (12. Nxd5 $32 Qxd5 13. Bb3 Qxf3 14. Qxf3 Bxf3
15. Rg1 $10) (12. Qe2 Nxc3 13. bxc3 Qd5 14. Bd4+ Kd7 15. Bb3 Qf5 $17) 12... f5
$1 (12... Nxe3 13. fxe3 Qh4+ 14. Ke2 f5 15. Nc3) 13. Ng3 (13. Nd2 Nxe3 14. fxe3
Qh4+ $17) 13... f4 14. Nxh5 fxe3 $17 {0-1 Bologan,V-Malaniuk,V/Nikolaev zt
1995 (40)}) 8... Bxf3 (8... Nxf3+ {Tsesarsky} 9. gxf3 Bh5 10. d4 Qa5 11. Qd3
$14 (11. Bb3 $2 Nxe4 $15)) 9. gxf3 g6 10. Nb1 $146 (10. Kf1 $2 Bg7 11. Ne2 Nxf3
12. d4 Qa5 $17 {1-0 Ponomariov,R-Gomez Esteban,J/Pamplona9697 1997 (59)}) 10...
Qa5 (10... b5 11. Bb3 Bg7 12. d3 $16) 11. c3 Nxf3+ 12. Qxf3 Qxa4 13. d4 $5 (13.
d3 $5 Bg7 (13... Qc2 14. Na3 $18) 14. Na3 $11 (14. b3 Qa5 $11) (14. Bh6 O-O 15.
Bxg7 Kxg7 $15)) 13... Bg7 (13... Qc2 14. O-O $1 Bg7 (14... Nxe4 15. Na3 $18)
15. Re1 $14) 14. O-O O-O 15. Bg5 (15. b3 Qa5 16. Nd2 $11) 15... Nh5 16. Be7
Rfe8 17. Bxd6 Rad8 18. b3 (18. e5 f6) 18... Qa6 19. Bh2 $6 (19. Bb4 $14 {
[%csl Rc5]} Nf6 $6 (19... b6 20. Re1 c5 21. dxc5 Rd3 22. Re3 Rxe3 23. Qxe3 Nf6
24. cxb6 Rxe4 25. Qd2 axb6 26. c4 Re8 27. Nc3 Qc8 $1 (27... Ne4 {( ? )} 28. Re1
$1 (28. Qd3 $14) 28... Nxd2 29. Rxe8+ Bf8 30. Bxf8 Nf3+ 31. Kg2 Nh4+ 32. Kf1 f5
33. Bh6+ Kf7 34. Nd5 $1 g5 (34... Qa3 35. Re7+ Qxe7 36. Nxe7 Kxe7 37. Bg5+ $18)
35. Re7+ Kg6 36. Re6+ Kh5 (36... Kf7 37. Rf6+ $18) 37. Bg7 Ng6 38. Nf6+ Kh4 39.
Nxh7 Kh5 (39... Qxa2 40. Rxg6 Qb1+ 41. Kg2 Qe4+ 42. Kh2 Qf4+ 43. Kg1 $18) 40.
Nf8 Qb7 41. Rxg6 Qh1+ 42. Ke2 Qe4+ 43. Kd2 Qf4+ 44. Kc3 $18) 28. Qd3 $14 {
[%csl Rg1]}) 20. Nd2 b6 21. e5 Nd5 22. Bd6 Qa5 23. Ne4 $16) 19... c5 $1 20. d5
f5 $1 21. exf5 {"The white strong pawn center destroyed!} Rf8 $132 22. d6 (22.
Qe3 Rxd5 23. Qe6+ Qxe6 24. fxe6 Be5 25. Na3 (25. Re1 Bxh2+ 26. Kxh2 Rxf2+ 27.
Kg1 Rb2 28. e7 Rg5+ 29. Kh1 Ng3+ 30. Kg1 Ne4+ 31. Kh1 Re5 $19) 25... Re8 26.
Rad1 Nf6 27. Rxd5 Bxh2+ 28. Kxh2 Nxd5 $15) 22... Rxf5 23. Qe3 Qc6 24. Re1 $4 (
24. Rd1 $1 Bf8 25. Na3 (25. Qe6+ Kg7 26. Be5+ (26. Na3 Rg5+ $19) 26... Kh6 $1
$17) 25... Bxd6 $1 26. Qe6+ Kh8 27. Bxd6 Rg5+ (27... Ng7 28. Qe3 Rxd6 29. Nb5
$5 Rxd1+ 30. Rxd1 Rf8 (30... Qxb5 31. Rd8+ $18) 31. c4 $11) 28. Kf1 Re8 29.
Be5+ Rxe5 30. Qxc6 bxc6 31. Nc4 $11) 24... Bf8 $19 25. Rd1 Re8 26. Qd2 (26. Qd3
Rg5+ 27. Bg3 Bxd6 28. Qxd6 Re1+ $19) 26... Nf6 27. Qd3 Rd5 $6 (27... Rg5+ $142
$1 28. Bg3 $8 Bxd6 29. Nd2 (29. Qxd6 Re1+ 30. Rxe1 Qxd6 $19) (29. Kh2 Rd5 30.
Qf1 Rxd1 31. Qxd1 Ne4 32. Bxd6 Nxf2 $3 $19) 29... Rd5 30. Qf3 Bxg3 31. Qxg3 (
31. fxg3 Rxd2 $1 $19) 31... Red8 $19) 28. Qf1 Rg5+ (28... Bxd6 29. Bxd6 Qxd6
$17) 29. Bg3 Bxd6 30. Qg2 (30. Rd3 Ne4 31. Qg2 Nxg3 32. fxg3 Re1+ 33. Kh2 Rxg3
34. Rxg3 Bxg3+ 35. Kxg3 Re3+ 36. Kh2 Qd6+ 37. Kg1 Qd1+ 38. Kh2 Re2 $19) 30...
Ne4 31. Rxd6 (31. Rd3 Nxg3 $19) 31... Nxd6 32. Qxc6 Re1+ $19 (32... bxc6 $19)
33. Kh2 bxc6 34. Bxd6 Rd5 35. Bf4 Rdd1 36. Be3 a6 37. Bxc5 Rh1+ 38. Kg3 Rdg1+
39. Kf4 Rxh3 40. a4 Rhh1 41. b4 Rxb1 42. Ra2 Ra1 43. Rd2 Rhd1 44. Re2 Re1 45.
Rd2 Rad1 46. Rb2 Rd5 47. Be3 Ra1 (47... h5 $19) 48. a5 Rh1 49. Kg3 Rg1+ 50. Kh2
Rg4 51. Kh3 Re4 52. Kg2 Rd3 53. Bc5 Kf7 54. Rb1 g5 55. Rc1 Kf6 56. c4 Kf5 57.
b5 Rg4+ (57... Re5 $19) 58. Kh2 cxb5 59. cxb5 axb5 60. a6 Rc4 61. a7 Rd8 62.
Rd1 Ra8 63. Rd5+ Ke4 64. Rxg5 Kf3 65. Rf5+ Rf4 66. Rh5 Rf7 67. Rh3+ Ke4 68. Rb3
Rb7 69. Rb4+ Kd5 70. Be3 Kc6 71. f4 Raxa7 72. Bxa7 Rxa7 73. Rb1 Rb7 74. Kg3 b4
75. f5 b3 76. Kf4 Kd5 77. Kg5 b2 78. f6 Ke6 79. Re1+ Kf7 80. Rb1 Rb5+ 81. Kh6
Kxf6 82. Kxh7 Ke5 {50 last moves weren't necessary...} 0-1

[Event "Bundesliga 0203"]
[Site "Germany"]
[Date "2003.03.29"]
[Round "14.8"]
[White "Keitlinghaus, Ludger"]
[Black "Van den Doel, Erik"]
[Result "1/2-1/2"]
[WhiteElo "2500"]
[BlackElo "2594"]
[Annotator "Tsesarsky,I"]
[PlyCount "123"]
[EventDate "2002.10.19"]
[EventType "team-tourn"]
[EventRounds "15"]
[EventCountry "GER"]
[SourceTitle "CBM 095"]
[Source "ChessBase"]
[SourceDate "2003.07.25"]
[SourceVersion "1"]
[SourceVersionDate "2003.07.25"]
[SourceQuality "1"]
[WhiteTeam "Baden Oos"]
[BlackTeam "Porz"]
[WhiteTeamCountry "GER"]
[BlackTeamCountry "GER"]

1. e4 e5 2. Nf3 Nc6 3. Nc3 Nf6 4. Bb5 Bd6 5. a3 ({Mainlines are} 5. O-O O-O 6.
Re1 (6. d3 h6 7. Ne2 (7. h3 b6 8. Ne2 Bb7 9. c3 Re8 10. Ng3 Bf8 11. Re1 a6 12.
Ba4 d5 13. Qe2 b5 14. Bc2 $132 {0-1 Sequera,J-Hector,J/Bled 2002/EXT 2003 (66)}
) 7... Re8 8. Ng3 a6 9. Bxc6 dxc6 10. b3 Be6 11. Bb2 Nd7 12. d4 $132 {1-0
Gallagher,J-Cooper,L/Birmingham 2001/CBM 84 ext (27)}) 6... Re8 7. h3 Nd4 8.
Bc4 c6 9. a3 Bc7 10. d3 Ne6 11. Ba2 d6 $11 {1/2-1/2 Bunzmann,D-Hector,J/Fuerth
2000/EXT 2001 (35)}) ({and} 5. d3 h6 6. h3 O-O 7. g4 {-see commented game 1-0
Yemelin,V-Kharlov,A/Moscow 2002/CBM 88 [Tsesarsky,I](39)}) 5... O-O ({In the
next game Black demonstrated poor opening play:} 5... h6 6. d3 b6 7. Bc4 Bb7 8.
h3 Na5 9. Ba2 c5 10. Ne2 Qc7 11. Ng3 Bf8 12. Bd2 d6 13. b4 Nc6 14. c3 $14 {
1-0 Keitlinghaus,L-Pedersen,D/Germany 2002/EXT 2003 (41)}) 6. Bc4 Nd4 7. d3 c6
8. Nxd4 exd4 9. Ne2 Bc7 10. O-O ({The capture} 10. Nxd4 {isn't effective in
view of} d5 11. exd5 cxd5 12. Bb3 Re8+ 13. Kf1 (13. Ne2 $2 Ng4 14. h3 Qh4 15.
g3 Qh5 $17 {[%csl Re1]}) 13... Bg4 14. f3 Bd7 15. Ne2 $44 {with sufficient
compensation.}) 10... d5 11. exd5 Nxd5 12. Nxd4 Bxh2+ ({Interesting was} 12...
Nb6 13. Be3 Nxc4 14. dxc4 Qh4 {[%csl Rh2][%cal Gc7h2,Gh4h2]} 15. f4 (15. h3 {
loses by force:} Bxh3 16. gxh3 Qxh3 17. Re1 Bh2+ 18. Kh1 Be5+ 19. Kg1 Rad8 20.
c5 Rd5 $19) 15... Re8 16. Qd3 $44) 13. Kxh2 Qh4+ 14. Kg1 Qxd4 15. c3 Qf6 16.
Bxd5 {White doesn't mind to draw the game. Nd5 is too strong, the pair of BB
is worthless.} cxd5 17. d4 Re8 18. Re1 Bf5 19. Bf4 Be4 20. Be5 Qb6 21. Qd2 Re6
22. Re3 Rg6 23. Rg3 Re8 24. Bf4 Rge6 25. Re1 f6 26. Qc1 Bf5 27. Rge3 g5 28.
Rxe6 Rxe6 29. Rxe6 Qxe6 30. Bb8 a6 31. Qe3 Qxe3 32. fxe3 Kf7 {Position is dead
draw, but Black wants to do something...} 33. a4 Bc2 34. a5 Ke6 35. Kf2 Kf5 36.
Bc7 h5 37. g3 Ba4 38. b4 h4 39. gxh4 gxh4 40. Bd8 $1 {[%csl Rf6]} Bc2 41. Kg2
Kg5 42. Be7 Bf5 43. Bd8 Kg6 44. Kh2 Kf7 45. Kg2 Ke6 46. Kh2 Bg4 47. Kg2 Kf5 48.
Be7 Kg5 49. Bd8 Be2 50. Be7 Bg4 51. Bd8 Kg6 52. Kh2 Kf7 53. Kg2 h3+ 54. Kg3 Bf5
55. Kh2 Ke6 56. Kg3 Bg4 57. Kf2 Be2 58. Kg1 f5 59. Bc7 Kd7 60. Bf4 Kc6 61. Kf2
Bg4 62. Ke1 1/2-1/2